| 000 | 01170ngm a22003130a 4500 | ||
|---|---|---|---|
| 001 | PT16686 | ||
| 003 | AR-LpoUNG | ||
| 005 | 20210202000224.0 | ||
| 007 | vd cvaizq | ||
| 008 | 191001s1995||||ag |||||||||||||||||spa d | ||
| 037 | _c$8.33 | ||
| 040 |
_aAR-LpoUNG _bspa _cAR-LpoUNG _eaacr |
||
| 044 | _aag | ||
| 082 | 0 | _a949.702 2 97und | |
| 100 | 1 |
_aKusturica, Emir _edir. |
|
| 245 | 1 | 0 | _aUnderground |
| 260 |
_aBuenos Aires : _bVideoteca Caras, _c1995. |
||
| 300 | _aVHS (169 min.) : son., col. | ||
| 505 | 0 | _aGuión: Dusan Kovacevic. | |
| 520 | _aDurante la segunda guerra mundial, Marko ayuda a su amigo Blacky a escaparse de los nazis, una bodega se convertira en su refugio, pero Masrko descubrirá prtontamente los beneficios de esta situación : realizara negocios en el mercado negro, amparado bajo el régimen de Tito, y al mismo tiempo engañara a su amigo prisionero durante veinte años en su escóndite, a quien le hara creer que la guerra sigue. | ||
| 650 | 4 | _aCONTRABANDO | |
| 650 | 4 | _aGUERRA | |
| 650 | 4 | _aREGION DE LOS BALCANES | |
| 650 | 4 | _aYUGOSLAVIA | |
| 651 | 4 | _aYugoslavia | |
| 653 | _aVIDEOS | ||
| 905 | _a16686 | ||
| 942 | _cVIDEO | ||
| 999 |
_c54379 _d54379 |
||